| 000 | 01442nam0a2200373 4500 | ||
|---|---|---|---|
| 001 | RU\NLR\BIBL_A\011523387 | ||
| 005 | 20240921195822.0 | ||
| 010 |
_a9785394026751 _9100 |
||
| 021 |
_aRU _b2017-78824 _95624 |
||
| 035 | _a(RuMoRGB)009424692 | ||
| 035 | _a(NLR Aleph) 011523387 | ||
| 090 |
_a12107355 _c12107355 |
||
| 100 | _a20171113d2018 m y0rusy50 ca | ||
| 101 | 0 | _arus | |
| 102 | _aRU | ||
| 105 | _ay z 0 zy | ||
| 200 | 1 |
_aРыбные блюда _f[Ратушный А. С., Аминов С. С., Лобанов К. Н., Перфилова О. В.] |
|
| 210 |
_aМосква _cДашков и К° _d2018 _d[т. е. 2017] |
||
| 215 |
_a45 с. _d21 |
||
| 225 | 1 | _aБиблиотека кулинара | |
| 300 | _aАвт. указаны перед вып. дан. | ||
| 300 | _aФактическая дата выхода в свет - 2017 | ||
| 320 | _aБиблиогр.: с. 45 | ||
| 606 | 1 |
_aРыбные блюда _xРецептура _91451635 _3RU\NLR\AUTH\66615141 |
|
| 686 |
_aЛ992.5я27 _2rubbk |
||
| 686 | 1 | _aЛ992.5 | |
| 701 | 1 |
_aРатушный _bА. С. _gАлександр Сергеевич |
|
| 701 | 1 |
_aАминов _bС. С. _gСаиджон Садыкович |
|
| 701 | 1 |
_aЛобанов _bК. Н. _gКонстантин Николаевич |
|
| 701 | 1 |
_aПерфилова _bО. В. _gОльга Викторовна |
|
| 942 | _cBOOK | ||
| 980 | _aNBR | ||